Actions et réactions de l'école face à la délinquance (notice n° 1629775)
[ vue normale ]
| 000 -LEADER | |
|---|---|
| fixed length control field | 01103cam a2200157 4500500 |
| 005 - DATE AND TIME OF LATEST TRANSACTION | |
| control field | 20260111102012.0 |
| 041 ## - LANGUAGE CODE | |
| Language code of text/sound track or separate title | fre |
| 042 ## - AUTHENTICATION CODE | |
| Authentication code | dc |
| 100 10 - MAIN ENTRY--PERSONAL NAME | |
| Personal name | Sarrazin-Auriol, Corinne |
| Relator term | author |
| 245 00 - TITLE STATEMENT | |
| Title | Actions et réactions de l'école face à la délinquance |
| 260 ## - PUBLICATION, DISTRIBUTION, ETC. | |
| Date of publication, distribution, etc. | 2005.<br/> |
| 500 ## - GENERAL NOTE | |
| General note | 88 |
| 520 ## - SUMMARY, ETC. | |
| Summary, etc. | Résumé L’école, longtemps considérée à l’abri de la violence et de la délinquance, a mis en œuvre à partir des années 1980, tout un éventail de mesures pour tenter de traiter et prévenir ces phénomènes. Toutefois, les moyens importants mobilisés ne seraient rien sans la volonté des personnes et des équipes à faire réussir leurs élèves, à modifier leurs comportements pour éviter la rupture scolaire et l’exclusion sociale. De sa place d’assistante sociale, c’est de cet engagement dont l’auteur peut témoigner, de leur créativité mais aussi des limites et des forces institutionnelles. |
| 786 0# - DATA SOURCE ENTRY | |
| Note | Empan | 59 | 3 | 2005-09-01 | p. 80-90 | 1152-3336 |
| 856 41 - ELECTRONIC LOCATION AND ACCESS | |
| Uniform Resource Identifier | <a href="https://shs.cairn.info/revue-empan-2005-3-page-80?lang=fr&redirect-ssocas=7080">https://shs.cairn.info/revue-empan-2005-3-page-80?lang=fr&redirect-ssocas=7080</a> |
Pas d'exemplaire disponible.




Réseaux sociaux